| 000 | 00749 a2200229 4500 | ||
|---|---|---|---|
| 003 | UA-OsUOA | ||
| 005 | 20200206161801.0 | ||
| 008 | 200206b un ||||| |||| 00| 0 ukr d | ||
| 040 |
_aUA-OsUOA _bukr _cUA-OsUOA _dUA-OsUOA |
||
| 041 | _aukr | ||
| 080 | _a82-1 | ||
| 090 |
_a82-1 _bМ91 |
||
| 100 | _aМур Д. | ||
| 245 |
_aСкрижалі туги _cД. Мур |
||
| 260 |
_aЕдмонтон _bКоштом Василя й Наталки Духніїв _c1973 |
||
| 300 | _a120 с. | ||
| 650 |
_2UDC _a82-1 Поезія. Поеми. Вірші |
||
| 700 | 1 | _aМур Д. | |
| 942 |
_cBK _2udc |
||
| 955 | _a3 | ||
| 999 |
_c458012 _d458012 |
||